000 00311nam a22001337a 4500
008 170608b xxu||||| |||| 00| 0 eng d
020 _a9780131930636
041 _aeng
080 _24TH
_a94
100 _a18
101 _aSHH
245 _aTERRORISM IN THE TWENTY-FIRST CENTURY
_cCOMBDS,C,C
942 _2udc
_cBK
999 _c16404
_d16404